000 00756pam a2200241 a 4500
001 3451478
003 OSt
005 20180312084709.0
008 921013s1993 ohua b 001 0 eng
010 _a 92039006
020 _a1558702911 :
_c$9.95 (£6.95)
040 _aDLC
_cDLC
_dDLC
041 _aeng
080 _a306.766
082 0 0 _a500 LUC
_220
100 1 _a50
101 _aSOC
245 1 0 _aGreat unsolved mysteries of science /
_cJerry Lucas.
504 _aIncludes bibliographical references and index.
906 _a7
_bcbc
_corignew
_d1
_eocip
_f19
_gy-gencatlg
942 _2ddc
_cBK
999 _c44751
_d44751